Welcome to the Holygrace Academy Library

Please use search bar below to get started

TE FLINSTONES (Record no. 4722)

MARC details
000 -LEADER
fixed length control field 00275nam a22001217a 4500
020 ## - INTERNATIONAL STANDARD BOOK NUMBER
ISBN 0-7214-1220-3
082 ## - DEWEY DECIMAL CLASSIFICATION NUMBER
Classification number 823
Item number GRA/F
100 ## - MAIN ENTRY--AUTHOR NAME
Personal name GRANT, JOHN
245 ## - TITLE STATEMENT
Title TE FLINSTONES
Remainder of title THE BRONTONAPPERS
260 ## - PUBLICATION, DISTRIBUTION, ETC. (IMPRINT)
Place of publication UK
Name of publisher LADYBIRD
650 ## - SUBJECT ADDED ENTRY--TOPICAL TERM
Topical Term ENGLISH SHORT STORY
Geographic subdivision UK
942 ## - ADDED ENTRY ELEMENTS (KOHA)
Koha item type Books
Holdings
Withdrawn status Lost status Collection code Home library Current library Shelving location Date acquired Source of acquisition Full call number Accession Number Koha item type
    Fiction Main Library Main Library SHELF-3-H-LADYBIRD STORY BOOKS 18/03/2014 PURCHASE 823 GRA/F 06736 Books
    Fiction Main Library Main Library SHELF-3-H-LADYBIRD STORY BOOKS 18/03/2018 PURCHASE 823 GRA/F 06757 Books
    Fiction Main Library Main Library SHELF-3-H-LADYBIRD STORY BOOKS 14/03/2014 PURCHASE 823 GRA/F 06653 Books
    Fiction Main Library Main Library SHELF-3-H-LADYBIRD STORY BOOKS 28/05/2014 PURCHASE 823 GRA/F 09108 Books